000
00230 a2200097 4500
001
30585
100
_a
Jarrett
245
_a
Humanities & Humanistic Education
260
_a
London
_b
Addison Wesley Pub Co
_c
090
_c
20521
_d
20521
942
_a
NUST-CAE
_c
M
_c
11694
999
_c
265658
_d
265658